000 01285naa a22003257a 4500
001 BR8500938
003 BR-BrBNA
005 20240918175523.0
007 ta
008 230509b bl.||||| |||| 00| 0 por d
040 _aBR-BrBNA
_bpor
_cBiblioteca Nacional de Agricultura
041 _a(Pt)
072 _aF27; P12
_b1112
_bG514
090 _aF27 BR8500938
100 1 _aMoreira, R.S.
111 1 _a7. Congresso Brasileiro de Fruticultura
_cFlorianopolis, SC (Brazil)
_d26-30 Sep 1983
245 1 _aSubdrenagem em areas destinadas ao cultivo da bananeira [Musa spp., drenagem, Brasil]
246 1 _aUnderdrainage in areas suitable for cropping bananas [Musa spp., drainage, Brazil]
246 1 _a[Proceedings of the 7. Brazilian Congress on Fruit Crops]
260 3 _aFlorianopolis, SC (Brasil):
_c1984.
500 _aAnais do 7. Congresso Brasileiro de Fruticultura Florianopolis, SC (Brasil): 1984. v. 1 p. 283-287 (BR8500938-AM)F27
650 _aBANANA
650 _aDRENAGEM
650 _aCANAL DE ESCOAMENTO
650 _aBAMBU
650 _aTECNOLOGIA APROPRIADA
773 0 _tAnais do 7. Congresso Brasileiro de Fruticultura
_wF27 BR8500938
_gFlorianopolis, SC (Brasil), 1984. v. 1 p. 283-287
909 _a202404
_bLucia
_c55
_dLucia Elande
942 _cAM
_2AGRIS
999 _c317105
_d317105